[Event "Geneve-B"]
[Site "Geneve"]
[Date "1990.??.??"]
[Round "6"]
[White "Graf, Juergen"]
[Black "Giertz, Niklaus"]
[Result "1-0"]
[WhiteElo "2425"]
[BlackElo "2305"]

1.Nf3 Nf6 2.c4 g6 3.Nc3 Bg7 4.d4 O-O 5.e4 d6 6.Be2 e5 7.O-O Nc6 8.d5 Ne7
9.Nd2 a5 10.Rb1 Nd7 11.a3 Nb6 12.b4 axb4 13.axb4 Bd7 14.Qc2 f5 15.c5 Na4
16.Nb5 fxe4 17.cxd6 cxd6 18.Nxe4 Nf5 19.Nbxd6 Nxd6 20.Nxd6 e4 21.Bd2 Qb6
22.Nxe4 Bf5 23.Bf3 Qd4 24.d6 Rfc8 25.Qb3+ Kh8 26.Be3 Qc4 27.Nd2 Qb5 28.Rbc1 Nc3
29.Bc5 Ra2 30.Rxc3 Rxd2 31.Rfc1 b6 32.Bd4 Bxd4 33.Rxc8+ Bxc8 34.Rxc8+ Kg7
35.Qg8+ Kh6 36.Qf8+ Kg5 37.h4+  1-0

[Event "Geneve-B"]
[Site "Geneve"]
[Date "1990.??.??"]
[Round "10"]
[White "Ostenstad, Berge"]
[Black "Giertz, Niklaus"]
[Result "1-0"]
[WhiteElo "2410"]
[BlackElo "2305"]

1.Nf3 Nf6 2.c4 g6 3.Nc3 Bg7 4.e4 d6 5.d4 O-O 6.Be2 e5 7.O-O Nc6 8.d5 Ne7
9.Nd2 a5 10.Rb1 Nd7 11.a3 f5 12.b4 Kh8 13.f3 Bh6 14.Qc2 Nf6 15.c5 axb4 16.axb4 Rg8
17.Nc4 Bxc1 18.Rfxc1 g5 19.Nb5 Ne8 20.Ra1 Rb8 21.Ra3 f4 22.Rca1 g4 23.Qb2 gxf3
24.Bxf3 Ng6 25.cxd6 cxd6 26.Nbxd6 Nxd6 27.Nxe5 Rg7 28.Ra8 Rxa8 29.Rxa8 Kg8
30.Nxg6 hxg6 31.e5 Nc4 32.Qd4 Nb6 33.Ra1 g5 34.d6 Be6 35.Ra7 Nc8 36.Ra8 Rf7
37.Bd5 Qd7 38.Qc4 Bxd5 39.Qxd5 Qf5 40.Qc4 Qb1+ 41.Kf2 Qb2+ 42.Kf1 Qb1+ 43.Ke2 Qb2+
44.Kd3 Qb1+ 45.Qc2 Qf1+ 46.Kd4 Qg1+ 47.Kd5  1-0

[Event "GEO-ch (Women)"]
[Site "?"]
[Date "1990.??.??"]
[Round "1"]
[White "Ioseliani, Nana"]
[Black "Gurieli, Nino"]
[Result "1-0"]
[WhiteElo "2475"]
[BlackElo "2340"]

1.d4 Nf6 2.Nf3 g6 3.c4 Bg7 4.Nc3 O-O 5.e4 d6 6.Be2 e5 7.O-O Nc6 8.d5 Ne7
9.Bd2 Nh5 10.g3 h6 11.Rc1 Bh3 12.Re1 f5 13.Nh4 Nf6 14.exf5 gxf5 15.f4 e4
16.Be3 c5 17.dxc6 bxc6 18.b4 Kh7 19.Qd2 Ng4 20.Bd4 Bxd4+ 21.Qxd4 c5 22.bxc5 dxc5
23.Qxd8 Rfxd8 24.Rb1 Rab8 25.Red1 Rxd1+ 26.Rxd1 Nf6 27.Rd6 Rb6 28.Nb5 Kg7
29.a4 Rc6 30.Bf1 Bxf1 31.Kxf1 Rc8 32.Ra6 Rd8 33.Nd6 Rb8 34.Nhxf5+ Nxf5 35.Nxf5+ Kg6
36.Ne3 Rb1+ 37.Kg2 Rb6 38.Rxb6 axb6 39.g4 h5 40.h3 hxg4 41.hxg4 Kg7 42.f5  1-0

[Event "GEO-ch (Women)"]
[Site "?"]
[Date "1990.??.??"]
[Round "10"]
[White "Ioseliani, Nana"]
[Black "Arakhamia, Ketevan"]
[Result "1-0"]
[WhiteElo "2475"]
[BlackElo "2385"]

1.d4 Nf6 2.c4 g6 3.Nc3 Bg7 4.e4 d6 5.Be2 O-O 6.Nf3 e5 7.O-O Nc6 8.d5 Ne7
9.Nd2 a5 10.a3 Nd7 11.Rb1 f5 12.b4 Kh8 13.Qc2 b6 14.f3 Ng8 15.Nb3 axb4 16.axb4 Ngf6
17.Be3 Nh5 18.c5 bxc5 19.bxc5 Nf4 20.Bb5 Nf6 21.Bc6 Rb8 22.cxd6 cxd6 23.Nd2 Ba6
24.Rxb8 Qxb8 25.Rb1 Qc8 26.Qa4 Bd3 27.Rb7 fxe4 28.Ndxe4 Bxe4 29.Nxe4 N6xd5
30.Nxd6 Qg4 31.Bxf4 Nxf4 32.Qc2 Nh3+ 33.Kf1 Qe6 34.Ne4 Nf4 35.Ng5 Qf6 36.Ne4 Qh4
37.g3 Qh3+ 38.Kg1 Ne6 39.Nf2 Qh5 40.Ng4 Nd4 41.Qc5 Qf5 42.Qe7 Rg8 43.Nh6 Nxc6
44.Qf7 Qc8 45.Rc7 Qe8 46.Qxg8+ Qxg8 47.Nxg8 Kxg8 48.Rxc6 Kf7 49.Kf2 h5 50.Ke3 Bf6
51.Ke4 Bh8 52.Kd5 Bg7 53.Rc7+ Kf6 54.Rxg7 Kxg7 55.Kxe5  1-0

[Event "BL2-S8990"]
[Site "Germany"]
[Date "1990.??.??"]
[Round "?"]
[White "Trettin, Ulrich"]
[Black "Sick, Oliver"]
[Result "1-0"]
[WhiteElo "2280"]
[BlackElo "2345"]

1.d4 d6 2.c4 Nf6 3.Nc3 g6 4.e4 Bg7 5.Nf3 O-O 6.Be2 e5 7.O-O Nc6 8.d5 Ne7
9.Ne1 c6 10.Nd3 b5 11.dxc6 bxc4 12.Nb4 Be6 13.Bg5 a5 14.Nbd5 Nxc6 15.Bxc4 Rb8
16.b3 Nd4 17.Qd3 Bxd5 18.Nxd5 Ne6 19.Bxf6 Bxf6 20.Rad1 Bg7 21.g3 Kh8 22.Ne3 Nd4
23.Nc2 f5 24.Nxd4 exd4 25.exf5 d5 26.Bb5 Rxf5 27.Rfe1 Qd6 28.Rd2 Qb4 29.Re8+ Rxe8
30.Bxe8 Qc3 31.Bb5 Rf3 32.Qe2 Rf8 33.Bd3 Qc6 34.Rc2 Qd7 35.Rc5 a4 36.bxa4 Qxa4
37.Rxd5 Re8 38.Bb5 Rxe2 39.Bxa4 Bf6 40.Bb3 Re7 41.h4 Rc7 42.Kf1 Kg7 43.Ke2 Kf8
44.Kd3 Ke7 45.h5 Rc1 46.Rb5 Rc7 47.Rb6 Rc3+ 48.Ke4 gxh5 49.Rb7+ Kd6 50.Rxh7 Rc5
51.f4 Rc3 52.Rxh5 Rxg3 53.Rh6 Ke7 54.Kf5 Bg7 55.Rg6 Rxg6 56.Kxg6 Bf6 57.Bc4 Bh4
58.a4 Bg3 59.f5 Bc7 60.Bd3 Kf8 61.Kf6  1-0

[Event "BL2-N8990"]
[Site "Germany"]
[Date "1990.??.??"]
[Round "?"]
[White "Federau, Juergen"]
[Black "Joecks, Christian"]
[Result "0-1"]
[WhiteElo "2305"]
[BlackElo "2295"]

1.d4 Nf6 2.c4 g6 3.Nc3 Bg7 4.e4 d6 5.Nf3 O-O 6.Be2 e5 7.O-O Nc6 8.d5 Ne7
9.Ne1 Nd7 10.f3 f5 11.Be3 f4 12.Bf2 g5 13.Nb5 b6 14.b4 a6 15.Nc3 h5 16.a4 Ng6
17.a5 bxa5 18.Rxa5 Nf6 19.Nd3 g4 20.Qe1 Bh6 21.Kh1 Rf7 22.c5 g3 23.Bg1 gxh2
24.Bf2 h4 25.Bxh4 Nxh4 26.Qxh4 Rh7 27.Bd1 Bg7 28.Qe1 Nh5 29.Ne2 Bf6 30.Ba4 Bh4
31.Qc3 Qg5 32.Nf2 Rg7 33.Ng4 Bxg4 34.fxg4 Nf6 35.Qf3 Nxg4 36.b5 Ne3 37.Rb1 Nxg2
38.bxa6 Ne1 39.Qf1 f3 40.a7 Rxa7 41.Rxa7 fxe2 42.Ra8+ Kh7 43.Qf5+ Qxf5 44.exf5 Rg1+
45.Kxh2 Nf3+ 46.Kh3 Rg3+  0-1

[Event "BL2-S8990"]
[Site "Germany"]
[Date "1990.??.??"]
[Round "?"]
[White "Hoensch, Matthias"]
[Black "Tischer, Guenter"]
[Result "1/2-1/2"]
[WhiteElo "2330"]
[BlackElo "2335"]

1.Nf3 Nf6 2.c4 g6 3.Nc3 Bg7 4.e4 d6 5.d4 O-O 6.Be2 e5 7.O-O Nc6 8.d5 Ne7
9.Ne1 Ne8 10.Nd3 f5 11.Bd2 Nf6 12.f3 f4 13.c5 g5 14.Rc1 Ng6 15.cxd6 cxd6
16.Nb5 Rf7 17.Qc2 Ne8 18.a4 Bf8 19.Nf2 h5 20.h3 Rg7 21.Rfd1 Nh4 22.Be1 a6
23.Na3 Nf6 24.Nc4 Nxg2 25.Ba5 Qe8 26.Kxg2 g4 27.Rg1 Qg6 28.Kf1 g3 29.Nb6 Bxh3+
30.Nxh3 g2+ 31.Ke1 Qg3+ 32.Nf2 Re8 33.Nc4 h4 34.Bb6 h3 35.Kd2 h2 36.a5 Nd7
37.Nd3 Nxb6 38.axb6 Rc8 39.b3 Rh7 40.Qb1 Kh8 41.Qa1 Rd8 42.Na5 Be7 43.Nc4 Rg8
44.Ndxe5 dxe5  1/2-1/2

[Event "SWE-ch"]
[Site "Gothenburg"]
[Date "1990.??.??"]
[Round "?"]
[White "Bergstrom, Christer"]
[Black "Lind, Jan Olov"]
[Result "1/2-1/2"]
[WhiteElo "2425"]
[BlackElo "2215"]

1.Nf3 Nf6 2.c4 g6 3.Nc3 Bg7 4.e4 d6 5.d4 O-O 6.Be2 e5 7.O-O Nc6 8.Be3 Re8
9.dxe5 dxe5 10.h3 Bd7 11.c5 Qc8 12.Bc4 Be6 13.Qe2 h6 14.Rfd1 Nh5 15.Bxe6 Qxe6
16.Nd5 Rac8 17.Qd2 Kh7 18.b4 f5 19.b5 fxe4 20.bxc6 bxc6 21.Nxc7 Rxc7 22.Ne1 Bf8
23.Nc2 Nf6 24.Qa5 Rec8 25.Rab1 Nd5 26.Rb3 Rd7 27.Qa4 Nf6 28.Rdb1 Rcc7 29.Rb8 Be7
30.Nb4 Rd8 31.Na6 Rxb8 32.Rxb8 Rd7 33.Nb4 Qc4 34.Qb3 Qxb3 35.axb3 Rc7 36.Na6 Rd7
37.Rc8 Nd5 38.Rxc6 Nxe3 39.fxe3 Bg5 40.Kf2 Rd2+ 41.Ke1 Bxe3 42.Rd6 Ra2 43.c6 Rxa6
44.c7 Rxd6 45.c8=Q Rf6  1/2-1/2

[Event "Graested"]
[Site "Graested"]
[Date "1990.??.??"]
[Round "6"]
[White "Hansen, Lars Bo"]
[Black "Berg, Klaus"]
[Result "1/2-1/2"]
[WhiteElo "2460"]
[BlackElo "2410"]

1.Nf3 Nf6 2.c4 g6 3.Nc3 Bg7 4.e4 d6 5.d4 O-O 6.Be2 e5 7.O-O Nc6 8.d5 Ne7
9.Ne1 Nd7 10.Nd3 f5 11.Bd2 Nf6 12.f3 Kh8 13.a4 a5 14.Qc2 c5 15.dxc6 Nxc6
16.Be3 Nd4 17.Qd1 Be6 18.b3 fxe4 19.fxe4 Nxe2+ 20.Qxe2 Ng4 21.Rxf8+ Bxf8
22.Rf1 Be7 23.Nd5 Nxe3 24.Qxe3 Bg5 25.Qf2 Bh4 26.g3 Bg5 27.h4 Bxd5 28.exd5 Be7
29.Kg2 Qd7 30.Qe3 Kg8 31.Rf3 Rf8 32.Rxf8+ Bxf8 33.Nf2 Be7 34.Qa7 Bd8 35.Qb8 Kg7
36.Qa7 h5 37.Ne4 Kh6 38.Qb8 Qg4 39.Nf2 Qd7 40.c5 dxc5 41.Qxe5 Kh7 42.Qe4 b6
43.Qd3 Kg7 44.Nh3 Kf6 45.Nf4 Qf5 46.Qc3+ Kf7 47.Qc4 Ke7 48.Ne6 Kd7 49.Qb5+ Ke7
50.Qc4 Kd7 51.Qb5+  1/2-1/2

[Event "Groningen"]
[Site "Groningen"]
[Date "1990.??.??"]
[Round "?"]
[White "Shirov, Alexei"]
[Black "Piket, Jeroen"]
[Result "1-0"]
[WhiteElo "2580"]
[BlackElo "2495"]

1.d4 Nf6 2.c4 g6 3.Nc3 Bg7 4.e4 d6 5.Be2 O-O 6.Nf3 e5 7.O-O Nc6 8.d5 Ne7
9.Nd2 a5 10.a3 Nd7 11.Rb1 f5 12.b4 axb4 13.axb4 Kh8 14.Qc2 Nf6 15.f3 c6 16.dxc6 bxc6
17.b5 cxb5 18.Nxb5 Nh5 19.Nb3 fxe4 20.fxe4 Qb6+ 21.Kh1 Rxf1+ 22.Bxf1 Nf6
23.Ba3 Bb7 24.c5 dxc5 25.Nxc5 Qc6 26.Rd1 h6 27.Qb3 Nfg8 28.Bc4 Qb6 29.Nd7 Qf2
30.Nd6 Bc6 31.Bc5 Qh4 32.Nxe5 Ba4 33.Qb7 Bxd1 34.Qxa8 Kh7 35.Nxg6 Qh5 36.Nxe7 Nxe7
37.Nf5 Be5 38.Bg1 Bf3 39.Qb7 Bxg2+ 40.Kxg2 Qg6+ 41.Kh1  1-0

[Event "Groningen"]
[Site "Groningen"]
[Date "1990.??.??"]
[Round "?"]
[White "Brenninkmeijer, Joris"]
[Black "Shirov, Alexei"]
[Result "1-0"]
[WhiteElo "2510"]
[BlackElo "2580"]

1.d4 Nf6 2.c4 g6 3.Nc3 Bg7 4.e4 d6 5.Nf3 O-O 6.Be2 e5 7.O-O Nc6 8.Be3 Ng4
9.Bg5 f6 10.Bc1 Kh8 11.d5 Ne7 12.Ne1 h5 13.Nd3 f5 14.exf5 Nxf5 15.h3 Nf6
16.Bg5 c6 17.Bf3 Nd4 18.Be4 Qe8 19.f3 cxd5 20.cxd5 Nf5 21.Kh2 Bd7 22.Qb3 b5
23.Rae1 Nh7 24.Bd2 Qd8 25.Bxf5 gxf5 26.f4 e4 27.Nb4 Qb6 28.Be3 Qb7 29.Rc1 Rac8
30.Nc6 Bxc6 31.dxc6 Rxc6 32.Nxb5 Rb8 33.Bxa7 Rbc8 34.Rxc6 Rxc6 35.Rd1 Nf8
36.Qd5 Qd7 37.Be3 Rc2 38.Nxd6 Qc7 39.Nf7+ Kg8 40.Nd6+ Kh8 41.Qxf5  1-0

[Event "Groningen op"]
[Site "Groningen"]
[Date "1990.??.??"]
[Round "1"]
[White "Pomes Marcet, Juan"]
[Black "Yedidia, Jonathan"]
[Result "0-1"]
[WhiteElo "2420"]
[BlackElo "2260"]

1.Nf3 Nf6 2.c4 g6 3.Nc3 Bg7 4.e4 d6 5.d4 O-O 6.Be2 e5 7.O-O Nc6 8.d5 Ne7
9.Bg5 Nh5 10.g3 f6 11.Bd2 f5 12.exf5 Nxf5 13.Ne4 Nf6 14.Qc2 Bh6 15.Bc3 Ng7
16.Nh4 Nxe4 17.Qxe4 Bh3 18.Rfd1 Rf4 19.Qd3 Rxh4 20.gxh4 Bf5 21.Qf3 Nh5 22.Bd3 Bd7
23.Bd2 Bxd2 24.Rxd2 Qxh4 25.Kh1 Rf8 26.Qe3 Bg4 27.Be2 Rxf2  0-1

[Event "Groningen op"]
[Site "Groningen"]
[Date "1990.??.??"]
[Round "3"]
[White "Hansen, Curt"]
[Black "Nijboer, Friso"]
[Result "1-0"]
[WhiteElo "2560"]
[BlackElo "2485"]

1.c4 Nf6 2.Nc3 g6 3.e4 d6 4.d4 Bg7 5.Nf3 O-O 6.Be2 e5 7.O-O Nc6 8.d5 Ne7
9.Bd2 Nh5 10.g3 f5 11.exf5 Nxf5 12.Ne4 Nf6 13.Bd3 c6 14.a4 Kh8 15.a5 cxd5
16.Nxf6 Qxf6 17.cxd5 Ne7 18.Ng5 Nxd5 19.Bc4 Nf4 20.gxf4 exf4 21.Nf3 Bh3 22.Re1 d5
23.Bf1 Bxf1 24.Bc3 Qf5 25.Bxg7+ Kxg7 26.Nd4 Qh3 27.Re7+ Kg8 28.Qxf1 Qh4 29.Qe2 f3
30.Qe6+ Kh8 31.Qe5+ Rf6 32.Rf7 Qg4+ 33.Kf1 Qg2+  1-0

[Event "Groningen op"]
[Site "Groningen"]
[Date "1990.??.??"]
[Round "5"]
[White "Hoeksema, Hendrik Pieter"]
[Black "Dam, Ruurd"]
[Result "1/2-1/2"]
[WhiteElo "2365"]
[BlackElo "2270"]

1.d4 Nf6 2.c4 g6 3.Nc3 Bg7 4.e4 d6 5.Nf3 O-O 6.Be2 e5 7.O-O Nc6 8.d5 Ne7
9.Nd2 a5 10.a3 c5 11.Rb1 Bh6 12.b4 axb4 13.axb4 b6 14.bxc5 bxc5 15.Nb3 Bxc1
16.Qxc1 Nd7 17.Nb5 Ra2 18.Bd3 Qb6 19.f3 f5 20.Nc3 Ra6 21.exf5 Nxf5 22.Bxf5 gxf5
23.Nd4 cxd4 24.Rxb6 Rxb6 25.Qg5+ Kh8 26.Nb5 Nf6 27.Re1 Bd7 28.Nxd4 exd4 29.Re7 Rb1+
30.Kf2 Ne4+ 31.fxe4 fxe4+ 32.Ke2 Rb2+ 33.Ke1 Rb1+  1/2-1/2

[Event "Groningen op"]
[Site "Groningen"]
[Date "1990.??.??"]
[Round "8"]
[White "Epishin, Vladimir"]
[Black "Nijboer, Friso"]
[Result "1-0"]
[WhiteElo "2590"]
[BlackElo "2485"]

1.d4 Nf6 2.c4 g6 3.Nc3 Bg7 4.e4 d6 5.Nf3 O-O 6.Be2 e5 7.O-O Nc6 8.d5 Ne7
9.Nd2 a5 10.a3 Nd7 11.Rb1 f5 12.b4 Kh8 13.f3 Ng8 14.Nb5 Ngf6 15.Qc2 Nh5 16.g3 axb4
17.axb4 Ndf6 18.c5 fxe4 19.fxe4 Bh3 20.Rf2 Qd7 21.c6 bxc6 22.Qxc6 Bh6 23.Nc4 Bxc1
24.Rxc1 Nxe4 25.Qxd7 Bxd7 26.Rxf8+ Rxf8 27.Nxc7 Rb8 28.Na6 Rc8 29.Re1 Nhf6
30.Nb6 Rc3 31.Nxd7 Nxd7 32.b5 Nb6 33.Nb4 Re3 34.Nc2 Rc3 35.Nb4 Rb3 36.Nd3 Nc3
37.Bf1 Ncxd5 38.Nf2 Rb4 39.Ne4 Nc8 40.Rc1 Nde7 41.Ng5 Kg7 42.Rc7 Kf6 43.Nxh7+ Kf5
44.Bh3+ Ke4 45.Nf6+ Kd4 46.Bxc8 Nxc8 47.Rxc8 e4 48.Rc1 e3 49.b6 Rxb6 50.Rd1+ Kc4
51.Nd5 Rb3 52.Kf1 Rd3 53.Rxd3 Kxd3 54.Nf4+ Kd2 55.h4 d5 56.g4 d4 57.g5 Kd1
58.h5 e2+ 59.Nxe2 d3 60.Nd4  1-0

[Event "HUN-chop"]
[Site "Gyor"]
[Date "1990.??.??"]
[Round "7"]
[White "Petran, Pal"]
[Black "Reinderman, Dimitri"]
[Result "1-0"]
[WhiteElo "2410"]
[BlackElo "2245"]

1.d4 Nf6 2.c4 g6 3.Nc3 Bg7 4.e4 d6 5.Be2 O-O 6.Nf3 e5 7.O-O Nc6 8.d5 Ne7
9.Nd2 c5 10.Rb1 b6 11.a3 Ne8 12.b4 f5 13.Nb3 Kh8 14.Bd2 Ng8 15.Qc1 Ngf6 16.f3 Nh5
17.g3 Nef6 18.Bg5 Rf7 19.Bd3 Qf8 20.Qc2 Bh6 21.Bxh6 Qxh6 22.Qd2 Qf8 23.bxc5 bxc5
24.Na5 fxe4 25.fxe4 Bh3 26.Rf2 a6 27.Bf1 Qc8 28.Rb6 Bxf1 29.Rxf1 Qg4 30.Qe2 Raf8
31.Nb7 Qxe2 32.Nxe2 Ng4 33.Rxf7 Rxf7 34.Nxd6 Rf3 35.Rb1 Re3 36.Re1 Ngf6 37.Kf2 Rxa3
38.h3 Kg7 39.g4 Rxh3 40.gxh5 Nxh5 41.Nb7 Nf6 42.Nxc5 Ne8 43.Ne6+ Kg8 44.c5 Rd3
45.Ng1 Nf6 46.Nf3 Ng4+ 47.Kg3 h5 48.c6 a5 49.Rc1 Nf6 50.Nc5 h4+ 51.Kg2 h3+
52.Kg3 Nh5+ 53.Kf2  1-0

[Event "Mephisto (Women)"]
[Site "Hamburg"]
[Date "1990.??.??"]
[Round "4"]
[White "Ioseliani, Nana"]
[Black "Voiska, Margarita"]
[Result "1-0"]
[WhiteElo "2475"]
[BlackElo "2335"]

1.d4 Nf6 2.Nf3 g6 3.c4 Bg7 4.Nc3 O-O 5.e4 d6 6.Be2 e5 7.O-O Nc6 8.d5 Ne7
9.Bd2 Nh5 10.g3 Kh8 11.Rc1 c5 12.Nh4 Nf6 13.f4 exf4 14.gxf4 Neg8 15.Nf3 Ng4
16.h3 N4h6 17.Kg2 Qd7 18.Rh1 Re8 19.Bd3 Nf6 20.Ng5 Qe7 21.Qf3 Nh5 22.Rce1 f6
23.Ne6 Bxe6 24.dxe6 Qxe6 25.Nd5 Qf7 26.Rhg1 Rad8 27.Kh1 f5 28.e5 Qd7 29.Bc3 dxe5
30.fxe5 Re6 31.Rg5 Rde8 32.Rxh5 gxh5 33.Nf4 Rxe5 34.Rg1 Ng4 35.Nxh5 Qxd3
36.Qxd3 Nf2+ 37.Kh2 Nxd3 38.Rxg7 Nf4 39.Nxf4 Kxg7 40.Nd3 Kf7 41.Nxe5+ Ke6
42.Kg3 a6 43.Kf4 b5 44.Nd3 Rc8 45.b3 Kd6 46.Be5+ Kc6 47.Kxf5 Rg8 48.a4 Rg1
49.h4 Rb1 50.Bb2 Rh1 51.Bf6 Rb1 52.Bb2 Rh1 53.Kg4 Rg1+ 54.Kf4 Rh1 55.Kg4 Rg1+
56.Kh5 Rg3 57.cxb5+ axb5 58.axb5+ Kxb5 59.Nc1 Rg6 60.Nd3 Rd6 61.Nc1 Kb4 62.Be5 Rd1
63.Bf4 Kc3 64.Kh6 Kc2 65.h5 Rh1 66.Ne2 Re1 67.Ng3 Re7 68.Bg5 Rc7 69.Ne4 Kxb3
70.Bd8 Rc8 71.Bf6 Rc7 72.Bg7 c4 73.Kxh7 Re7 74.Nd2+ Kb4 75.Nb1 Re3 76.h6 Rb3
77.Nd2 Rd3 78.Nb1 Rb3 79.Nd2 Rd3 80.Ne4 Re3 81.Kg6 Rxe4 82.Bf8+ Kb3 83.h7 Rg4+
84.Kh5 Rg3 85.Bh6 Rh3+ 86.Kg6 Rg3+ 87.Kf7  1-0

[Event "Hamburg IMT"]
[Site "Hamburg"]
[Date "1990.??.??"]
[Round "9"]
[White "Schlemmermeyer, Wilhelm"]
[Black "Joecks, Christian"]
[Result "1-0"]
[WhiteElo "2390"]
[BlackElo "2295"]

1.d4 Nf6 2.c4 g6 3.Nc3 Bg7 4.e4 d6 5.Nf3 O-O 6.Be2 e5 7.O-O Nc6 8.d5 Ne7
9.Ne1 Nd7 10.Nd3 f5 11.Bd2 c5 12.Rb1 Nf6 13.f3 f4 14.b4 b6 15.bxc5 bxc5 16.Rb2 g5
17.Nf2 h5 18.h3 Kh8 19.Qa4 Rg8 20.Rfb1 Bf8 21.Rb8 Rxb8 22.Rxb8 Qc7 23.Rb3 g4
24.fxg4 hxg4 25.hxg4 Nxg4 26.Nxg4 Bxg4 27.Bxg4 Rxg4 28.Qe8 Kg8 29.Rb8  1-0

[Event "Haninge"]
[Site "Haninge"]
[Date "1990.??.??"]
[Round "5"]
[White "Ftacnik, Lubomir"]
[Black "Hellers, Ferdinand"]
[Result "1-0"]
[WhiteElo "2560"]
[BlackElo "2525"]

1.d4 Nf6 2.c4 g6 3.Nc3 Bg7 4.e4 d6 5.Nf3 O-O 6.Be2 e5 7.O-O Nc6 8.d5 Ne7
9.Nd2 a5 10.a3 c5 11.Rb1 Ne8 12.b4 axb4 13.axb4 b6 14.bxc5 bxc5 15.Nb3 f5
16.Bd2 Kh8 17.Ra1 Rxa1 18.Qxa1 Ng8 19.Qa8 Bh6 20.exf5 gxf5 21.Nb5 Bxd2 22.Nxd2 Ngf6
23.Ra1 Ne4 24.Nxe4 fxe4 25.Qa3 Ng7 26.Qe3 Qf6 27.Ra8 Nf5 28.Qxe4 Nh4 29.Qe3 Nf5
30.Qf3 e4 31.Qxe4 Nd4 32.f3 Rg8 33.Nxd4 cxd4 34.Bd3  1-0

[Event "Hastings Challengers9091"]
[Site "Hastings"]
[Date "1990.??.??"]
[Round "?"]
[White "Ulibin, Mikhail"]
[Black "Beake, Ben"]
[Result "1/2-1/2"]
[WhiteElo "2460"]
[BlackElo "2275"]

1.d4 Nf6 2.c4 g6 3.Nc3 Bg7 4.e4 d6 5.Nf3 O-O 6.Be2 e5 7.O-O Nc6 8.d5 Ne7
9.Nd2 a5 10.a3 c5 11.Rb1 Ne8 12.b4 axb4 13.axb4 b6 14.bxc5 bxc5 15.Nb3 f5
16.Bd2 Nf6 17.f3 Kh8 18.Ra1 Rxa1 19.Qxa1 Neg8 20.Qa8 Bh6 21.Bxh6 Nxh6 22.Na5 Nh5
23.exf5  1/2-1/2

[Event "Capablanca mem-B"]
[Site "Havana"]
[Date "1990.??.??"]
[Round "?"]
[White "Pecorelli Garcia, Humberto"]
[Black "Martin del Campo, Roberto"]
[Result "1/2-1/2"]
[WhiteElo "2350"]
[BlackElo "2465"]

1.d4 Nf6 2.c4 g6 3.Nc3 Bg7 4.e4 d6 5.Nf3 O-O 6.Be2 e5 7.O-O Nc6 8.d5 Ne7
9.Nd2 a5 10.a3 Nd7 11.Ra2 f5 12.b4 axb4 13.axb4 Rxa2 14.Nxa2 Nf6 15.Nc3  1/2-1/2

[Event "Jajce (Women)"]
[Site "Jajce"]
[Date "1990.??.??"]
[Round "6"]
[White "Maric, Alisa"]
[Black "Sziva, Erika"]
[Result "1/2-1/2"]
[WhiteElo "2365"]
[BlackElo "2250"]

1.Nf3 Nf6 2.c4 g6 3.Nc3 Bg7 4.e4 d6 5.d4 O-O 6.Be2 e5 7.O-O Nc6 8.Be3 Ng4
9.Bg5 f6 10.Bh4 Nh6 11.dxe5 dxe5 12.c5 Qe7 13.Nd5 Qf7 14.Bc4 Be6 15.Qd2 Nd4
16.Nxd4 exd4 17.Nxf6+ Bxf6 18.Bxe6 Qxe6 19.Bxf6 Rxf6 20.Qxh6 Qxe4 21.Rae1 Qd5
22.Re7 Rf7 23.Rfe1 Raf8 24.Rxf7 Qxf7 25.Qh4 Qc4 26.h3 Qxc5 27.Re7 Qc1+  1/2-1/2

[Event "Balkaniad"]
[Site "Kavala"]
[Date "1990.??.??"]
[Round "1"]
[White "Aleksieva, Silvia"]
[Black "Giaidzi, Aspasia"]
[Result "1-0"]
[WhiteElo "2040"]
[BlackElo "2035"]

1.d4 Nf6 2.Nf3 g6 3.c4 Bg7 4.Nc3 O-O 5.e4 d6 6.Be2 e5 7.O-O Nc6 8.d5 Ne7
9.Ne1 Nd7 10.Be3 f5 11.f3 Nf6 12.b4 a5 13.a3 Bd7 14.c5 axb4 15.axb4 Rxa1
16.Qxa1 Qa8 17.Nc2 Qxa1 18.Rxa1 Nc8 19.Ra8 fxe4 20.fxe4 Ne7 21.Rxf8+ Kxf8
22.Na3 Nc8 23.Nc4 Ke7 24.b5 Kd8 25.c6 bxc6 26.bxc6 Bg4 27.Bd3 Ne7 28.h3 Bc8
29.Na5 Neg8 30.Nb7+ Ke7 31.Nb5 Kf7 32.N5xd6+  1-0

[Event "Kecskemet op2"]
[Site "Keckemeth"]
[Date "1990.??.??"]
[Round "?"]
[White "Kindl, Peter"]
[Black "Monin, Nikolay"]
[Result "0-1"]
[WhiteElo "2335"]
[BlackElo "2375"]

1.d4 Nf6 2.Nf3 g6 3.c4 Bg7 4.Nc3 O-O 5.e4 d6 6.Be2 e5 7.O-O Nc6 8.d5 Ne7
9.b4 Ne8 10.c5 f5 11.Ng5 h6 12.Ne6 Bxe6 13.dxe6 fxe4 14.Bc4 Nf6 15.cxd6 cxd6
16.Nd5 Nfxd5 17.Bxd5 Nxd5 18.Qxd5 Qe7 19.Rd1 Rad8 20.Be3 Rfe8 21.Rac1 b6
22.a4 Bf8 23.a5 Qxe6 24.Rc7 Qxd5 25.Rxd5 Re7 26.axb6 axb6 27.Rc6 Rb7 28.b5 Kf7
29.Kf1 Ke6 30.Rd1 Rdb8 31.Ra1 Be7 32.Ra6 Bd8 33.Bxh6 g5 34.h4 gxh4 35.Ra4 Rc7
36.Rxc7 Bxc7 37.Rxe4 Bd8 38.Ke2 Kd5 39.Rb4 Rc8 40.Kd2 Ke6 41.f4 Ra8 42.fxe5 dxe5
43.Ke3 Ra2 44.Kf3 Ra3+ 45.Ke4 Be7 46.Rb2 Bc5 47.Bg5 Rg3 48.Bh6 Rg6 49.Bc1 Rg4+
50.Kf3 Kf5  0-1

[Event "URS-Army"]
[Site "Khabarovsk"]
[Date "1990.??.??"]
[Round "?"]
[White "Chuchelov, Vladimir"]
[Black "Ragozin, Evgeni"]
[Result "0-1"]
[WhiteElo "2375"]
[BlackElo "2290"]

1.d4 Nf6 2.Nf3 g6 3.c4 Bg7 4.Nc3 O-O 5.e4 d6 6.Be2 e5 7.O-O Nc6 8.d5 Ne7
9.Nd2 a5 10.Rb1 Nd7 11.a3 f5 12.b4 Kh8 13.Qc2 b6 14.Nb5 axb4 15.axb4 Ba6
16.Nc3 fxe4 17.Ndxe4 Nf5 18.Qd1 Nd4 19.Bd3 Bc8 20.Bg5 Qe8 21.Ra1 Bb7 22.Qg4 Qf7
23.Be3 Qe7 24.Qh3 Rxa1 25.Rxa1 Bc8 26.Ra8 Nf5 27.Bg5 Qf7 28.Bd2 Nf6 29.Nxf6 Bxf6
30.Ne4 Bd7 31.Rxf8+ Qxf8 32.Bf1 Be7 33.Qa3 Nd4 34.Qa7 Qd8 35.f4 Bf5 36.Ng3 exf4
37.Bxf4 Bf6 38.Nxf5 Nxf5 39.Qa2 g5 40.Bc1 Bd4+ 41.Kh1 Qf6 42.Qa8+ Kg7 43.Qc8 Ne7  0-1

[Event "Kherson"]
[Site "Kherson"]
[Date "1990.??.??"]
[Round "?"]
[White "Karpman, Vadim"]
[Black "Frolov, Artur"]
[Result "0-1"]
[WhiteElo "2480"]
[BlackElo "2485"]

1.d4 Nf6 2.c4 g6 3.Nc3 Bg7 4.e4 d6 5.Be2 O-O 6.Nf3 e5 7.O-O Nc6 8.d5 Ne7
9.b4 Nh5 10.c5 Nf4 11.Bxf4 exf4 12.Rc1 h6 13.Nd4 g5 14.Bh5 a6 15.a3 Kh8 16.h3 Rb8
17.Re1 Ng8 18.Bg4 Be5 19.Bxc8 Rxc8 20.Nf5 Qf6 21.Ne2 Qg6 22.Ned4 h5 23.Nf3 Rce8
24.cxd6 cxd6 25.Rc7 g4 26.Nxe5 Rxe5 27.hxg4 hxg4 28.Rd7 Nf6 29.Rxd6 Rfe8
30.Qd2 Qxf5 31.exf5 Rxe1+ 32.Kh2 g3+  0-1

[Event "Kherson"]
[Site "Kherson"]
[Date "1990.??.??"]
[Round "?"]
[White "Kaplun, Leonid I"]
[Black "Kruppa, Yuri"]
[Result "0-1"]
[WhiteElo "2390"]
[BlackElo "2485"]

1.d4 Nf6 2.c4 g6 3.Nc3 Bg7 4.e4 d6 5.Nf3 O-O 6.Be2 e5 7.O-O Nc6 8.d5 Ne7
9.Bd2 Ne8 10.Ne1 f5 11.Nd3 Nf6 12.f3 Kh8 13.c5 c6 14.cxd6 Qxd6 15.dxc6 Nxc6
16.Nf2 Be6 17.Be3 Qe7 18.exf5 gxf5 19.Re1 Rfd8 20.Qb1 Qf7 21.Bd3 Qh5 22.Ne2 Qg6
23.Bd2 Nd5 24.Ng3 Rf8 25.Rd1 Nd4 26.Kh1 Bh6 27.Bxh6 Qxh6 28.Ne2 Ne3 29.Rg1 Bd5
30.Nd1 Nxf3  0-1

[Event "JUG-sf"]
[Site "Kladovo"]
[Date "1990.??.??"]
[Round "8"]
[White "Gostisa, Leon"]
[Black "Paunovic, Dragan"]
[Result "1/2-1/2"]
[WhiteElo "2370"]
[BlackElo "2450"]

1.d4 Nf6 2.c4 g6 3.Nc3 Bg7 4.e4 d6 5.Nf3 O-O 6.Be2 e5 7.O-O Nc6 8.d5 Ne7
9.Nd2 a5 10.a3 Nd7 11.Rb1 f5 12.b4 b6 13.f3 Kh8 14.bxa5 Rxa5 15.Nb3 Ra8 16.a4 Nc5
17.Nxc5 bxc5 18.Bd2 Ng8 19.Rb3 f4 20.Qc2 h5 21.Rfb1 Ba6 22.Nb5 Bf6 23.Ba5 Rf7
24.Qb2 Bc8 25.Bd2 Rf8 26.Nc3 Ba6 27.Nb5 Qd7 28.Qc2 Nh6 29.Qd1 g5 30.Ba5 Bd8
31.Be1 Qg7 32.R1b2 Rg8 33.Ra3 Rf8 34.Rba2 Ng8 35.a5 Nf6 36.Kh1 Rg8 37.Bf1 Nh7
38.g4 hxg4 39.fxg4 Qd7 40.h3 Nf8  1/2-1/2

[Event "Klaipeda"]
[Site "Klaipeda"]
[Date "1990.??.??"]
[Round "5"]
[White "Gefenas, Vladas"]
[Black "Malisauskas, Vidmantas"]
[Result "1/2-1/2"]
[WhiteElo "2300"]
[BlackElo "2500"]

1.d4 Nf6 2.Nf3 g6 3.c4 Bg7 4.Nc3 O-O 5.e4 d6 6.Be2 e5 7.O-O Nc6 8.d5 Ne7
9.Bd2 Nd7 10.Rc1 Kh8 11.b4 a5 12.a3 Ng8 13.Nb5 axb4 14.axb4 f5 15.c5 Ndf6
16.cxd6 cxd6 17.Nc7 Ra2 18.Qb3 Rxd2 19.Nxd2 Bh6 20.Qc2 Nxe4 21.Nxe4 Bxc1  1/2-1/2

[Event "Kuala Lumpur Interzonal (Women)"]
[Site "Kuala Lumpur"]
[Date "1990.??.??"]
[Round "16"]
[White "Alexandria, Nana"]
[Black "Sziva, Erika"]
[Result "1/2-1/2"]
[WhiteElo "2360"]
[BlackElo "2250"]

1.d4 Nf6 2.Nf3 g6 3.c4 Bg7 4.Nc3 d6 5.e4 O-O 6.Be2 e5 7.O-O Nc6 8.Be3 Ng4
9.Bg5 f6 10.Bh4 Nh6 11.dxe5 dxe5 12.c5 Be6 13.Qa4 Qe8 14.Bc4 Nd8 15.Bxe6+ Nxe6
16.Qb3 Rb8 17.Nd5 Kh8 18.Qa3 c6 19.Ne3 Qe7 20.b4 Nd4 21.Nd2 b6 22.Nb3 Rfd8
23.Rad1 Nf7 24.f3 h5 25.Nxd4 exd4 26.Nc2 bxc5 27.bxc5 Rb5 28.Nxd4 Qxc5 29.Qxc5 Rxc5
30.Ne6 Rxd1 31.Rxd1 Ra5 32.Rd2 Kg8 33.Rc2 Ne5 34.f4 Nd3 35.Rxc6 Rxa2 36.h3 Bh6
37.Bxf6 Nxf4 38.Nxf4 Bxf4 39.h4 Be3+ 40.Kh1 Kf7 41.g3 Bb6 42.Bc3 Bd8 43.e5 Re2
44.Kg1 g5 45.Kf1 Re4 46.Kf2 Bb6+ 47.Kg2 gxh4 48.gxh4 Re3 49.Rf6+ Kg7 50.Rc6 Kf7
51.Kf1 Bd8 52.Kf2 Bb6 53.Kf1 Bd8 54.Ba1 Bxh4 55.Rc7+ Ke6 56.Rxa7 Bg3 57.Ra6+ Ke7
58.Bd4 Re4 59.Bc5+ Kd7 60.Rd6+ Kc8 61.Rc6+ Kd7  1/2-1/2

[Event "Mar del Plata"]
[Site "Mar del Plata"]
[Date "1990.??.??"]
[Round "2"]
[White "Clement Gomez, Jose A"]
[Black "Servat, Roberto"]
[Result "0-1"]
[WhiteElo "2295"]
[BlackElo "2455"]

1.d4 Nf6 2.c4 g6 3.Nc3 Bg7 4.e4 d6 5.Nf3 O-O 6.Be2 e5 7.O-O Nc6 8.d5 Ne7
9.Nd2 a5 10.Qc2 Ne8 11.Rb1 Bd7 12.b3 f5 13.f3 f4 14.a3 c5 15.g4 fxg3 16.hxg3 g5
17.Kg2 Ng6 18.b4 axb4 19.axb4 Nf4+ 20.gxf4 gxf4 21.Rh1 Qg5+ 22.Kf1 Qg3 23.bxc5 Rf6
24.Rxb7 Bc8 25.Re7 Kf8 26.cxd6 Nxd6 27.Rc7 Rg6 28.Rxc8+ Nxc8 29.c5 Qg2+ 30.Ke1 Qxh1+
31.Nf1 Qh4+ 32.Kd2 Qf2 33.Nb5 Rg2 34.Kd3 Ra5 35.Kc4 Qxf1 36.Nc3 Qf2 37.Kb4  0-1